| 000 | 01221cam a2200301 i 4500 | ||
|---|---|---|---|
| 999 |
_c8041 _d8041 |
||
| 001 | 17806006 | ||
| 003 | GBCCL | ||
| 005 | 20241126110642.0 | ||
| 008 | 130709s2013 pau 000 0 eng | ||
| 010 | _a 2013018409 | ||
| 020 | _a9781603748544 (trade pbk. : alk. paper) | ||
| 040 |
_aDLC _beng _cDLC _erda _dDLC |
||
| 042 | _apcc | ||
| 050 | 0 | 0 |
_aBV4509.5 _b.P749 2013 |
| 082 | 0 | 0 |
_a235.4 _223 _bPRI |
| 100 | 1 |
_aPrince, Derek. _97775 |
|
| 245 | 1 | 0 |
_aPulling down strongholds / _cDerek Prince. |
| 264 | 1 |
_aNew Zealand : _bDerek prince ministries, _c[2013] |
|
| 300 |
_a118 pages ; _c16 cm |
||
| 336 |
_atext _2rdacontent |
||
| 337 |
_aunmediated _2rdamedia |
||
| 338 |
_avolume _2rdacarrier |
||
| 520 |
_a"Derek Prince discusses the two unseen spiritual kingdoms--the kingdom of God and the kingdom of Satan--and explains how to bind the "strong man" (Satan) and pull down the "high places" of idolatry in one's life, while establishing one's spiritual roots in Christ"-- _cProvided by publisher. |
||
| 650 | 0 |
_aSpiritual warfare. _9576 |
|
| 906 |
_a7 _bcbc _corignew _d1 _eecip _f20 _gy-gencatlg |
||
| 942 |
_2ddc _cBK _02 |
||